[Event "ICS rated blitz match"]
[Site "204.178.125.65"]
[Date "1999.10.22"]
[Round "?"]
[White "Colorado"]
[Black "Hossa"]
[Result "1-0"]
[WhiteElo "2552"]
[BlackElo "2480"]
[PlyCount "107"]
[EventDate "1999.??.??"]

1. e4 e5 2. Nf3 Nf6 3. Nxe5 d6 4. Nf3 Nxe4 5. d4 d5 6. Bd3 Bd6 7. O-O O-O 8. c4
c6 9. cxd5 cxd5 10. Nc3 Nxc3 11. bxc3 Nc6 12. Bg5 Qc7 13. Re1 Bg4 14. h3 Bh5
15. Qe2 Bf4 16. g4 Bg6 17. Bxg6 hxg6 18. Bxf4 Qxf4 19. Rab1 Qh6 20. Kg2 Rab8
21. Ne5 Nxe5 22. Qxe5 Rfd8 23. Qe7 b6 24. Qxa7 Rbc8 25. Qxb6 Qh4 26. Re3 Ra8
27. Qb2 Rf8 28. Qe2 Ra7 29. Re8 Ra8 30. Rxf8+ Kxf8 31. Qe5 Rd8 32. Rb8 Qe7 33.
Qxe7+ Kxe7 34. Rxd8 Kxd8 35. Kf3 Kc7 36. Ke3 Kb6 37. Kd3 Kb5 38. f4 f5 39. g5
Kb6 40. c4 dxc4+ 41. Kxc4 Kc6 42. d5+ Kb6 43. a3 Kb7 44. Kc5 Kc7 45. d6+ Kd7
46. a4 Ke6 47. a5 Kf7 48. d7 Kg8 49. d8=Q+ Kh7 50. Qd5 Kh8 51. a6 Kh7 52. a7
Kh8 53. a8=Q+ Kh7 54. Qag8# {Hossa checkmated} 1-0

[Event "ICS rated bullet match"]
[Site "204.178.125.65"]
[Date "1999.10.22"]
[Round "?"]
[White "Hossa"]
[Black "BarenboimO"]
[Result "1-0"]
[WhiteElo "2467"]
[BlackElo "1459"]
[PlyCount "31"]
[EventDate "1999.??.??"]

1. e4 c5 2. Nf3 d6 3. d4 cxd4 4. Nxd4 Nf6 5. Nc3 a6 6. Bg5 e6 7. f4 b5 8. e5
dxe5 9. fxe5 Qc7 10. exf6 Qe5+ 11. Be2 Qxg5 12. O-O gxf6 13. Qd3 Bb7 14. Bf3
Bxf3 15. Qxf3 Ra7 16. Ne4 {BarenboimO resigns} 1-0

[Event "ICS rated bullet match"]
[Site "204.178.125.65"]
[Date "1999.10.22"]
[Round "?"]
[White "pingpawnh"]
[Black "Hossa"]
[Result "0-1"]
[WhiteElo "1404"]
[BlackElo "2467"]
[Annotator "Hiarcs 7.32 (22s)"]
[PlyCount "40"]
[EventDate "1999.??.??"]

1. e4 1... e5 {Opening = C21 - 2.d4 (ed4 3.---)} 2. d4 exd4 3. Nf3 Bb4+ 4. Bd2
(4. c3 dxc3 5. bxc3 Bc5 (5... Be7 6. Bc4 d5 7. exd5 Nf6 8. O-O Bg4 9. h3 Bh5
10. g4 Bg6 11. Qa4+ Nbd7 12. Bb5 O-O 13. Bxd7 Nxd7 14. Ba3 Nb6 15. Bxe7 Qxe7
16. Qd4 Qe4 17. Nbd2 Qxd4 18. Nxd4 Nxd5 19. f4 f5 20. c4 {
Lebermann,H-Eschenbrenner,W/Hofheim MVT 1995/GER 11/0-1 (48)}) 6. Bc4 d6 7. O-O
Nc6 8. Qb3 Qe7 9. e5 dxe5 10. Ng5 Nh6 11. Ne4 Bb6 12. Rd1 Bd7 13. Bxh6 gxh6 14.
Bxf7+ Qxf7 15. Rxd7 Qxb3 16. Nf6+ Kf8 17. axb3 Rd8 18. Rxd8+ 18... Nxd8 {
Kamber,B-Berezovsky,I/Bern op 1993/TD 93\03/1/2-1/2 (52)}) 4... Bxd2+ 5. Qxd2
c5 6. c3 6... Qe7 $146 (6... Nc6 7. cxd4 cxd4 8. Nxd4 Nxd4 9. Qxd4 Qf6 10. e5
Qe7 11. Nc3 f6 12. Nd5 fxe5 13. Qc3 Qd6 14. Nc7+ Kd8 15. Nxa8 Qb8 16. Rc1 Ne7
17. Nc7 d6 18. Nb5 a6 19. Na3 Be6 20. Bc4 Bxc4 21. Nxc4 b5 22. Ne3 Kd7 23. O-O
Qb7 24. Rfd1 h5 25. Qxe5 h4 26. Qxd6+ Ke8 27. Qd8+ {
1-0 Oden,E-Speier,R/RLPF-op Pirmasens 1992/GER 05 (27)}) 7. Bd3 d5 8. O-O dxe4
9. Bxe4 Nf6 10. Bd3 dxc3 11. Nxc3 11... O-O {
Schwarz muss dringend die Entwicklung vorantreiben.} 12. Rfe1 Be6 13. Rad1 Nc6
14. Bb1 $17 (14. Ng5 Rad8 15. Qc1 15... Nd4 $17) 14... Rad8 15. Qc2 15... Nd4
$15 (15... Rxd1 $5 16. Qxd1 16... Rd8 $17) 16. Nxd4 cxd4 17. Ne4 {
Droht Matt: Nxf6} 17... Ne8 $11 (17... g6 $5 $15) 18. Nf6+ $4 $19 {
Im Brennpunkt: h7. wirft den Vorteil weg} (18. Qa4 $11 $142 {war noch moeglich}
) 18... Nxf6 19. Rxe6 (19. Qa4 $19 {ist vielleicht noch ein Schwindelversuch})
19... Qxe6 20. Rd3 (20. h3 $19 {ist der letzte Rettungsanker}) 20... Qe1# 0-1

[Event "ICS rated blitz match"]
[Site "204.178.125.65"]
[Date "1999.10.23"]
[Round "?"]
[White "Hossa"]
[Black "pingpawnh"]
[Result "1-0"]
[WhiteElo "2467"]
[BlackElo "1712"]
[PlyCount "57"]
[EventDate "1999.??.??"]

1. e4 c5 2. Nf3 e6 3. d4 cxd4 4. Nxd4 Nf6 5. Nc3 Nc6 6. Nxc6 bxc6 7. Bd3 d5 8.
O-O Bc5 9. Bg5 h6 10. Bh4 g5 11. Bg3 Bb7 12. e5 Nd7 13. Qh5 Qe7 14. Rfe1 O-O-O
15. Rad1 f5 16. exf6 Nxf6 17. Qe2 Rhe8 18. Qe5 Bd6 19. Qd4 Bxg3 20. hxg3 Kb8
21. Bg6 Rf8 22. Qe5+ Ka8 23. Qxe6 Qc5 24. Qe7 Qb6 25. Na4 Qa5 26. Nc5 Qb6 27.
Bf7 Rd7 28. Qxf8+ Rd8 29. Qe7 {pingpawnh resigns} 1-0

[Event "ICS rated blitz match"]
[Site "204.178.125.65"]
[Date "1999.10.23"]
[Round "?"]
[White "Hossa"]
[Black "tryany1"]
[Result "1-0"]
[WhiteElo "2467"]
[BlackElo "2053"]
[PlyCount "33"]
[EventDate "1999.??.??"]

1. e4 c5 2. Nf3 e6 3. d4 cxd4 4. Nxd4 a6 5. Bd3 Qc7 6. Nf3 b5 7. O-O Bb7 8. a4
b4 9. Re1 d6 10. Bd2 a5 11. c3 bxc3 12. Nxc3 Nf6 13. Bg5 Nbd7 14. Rc1 Qb6 15.
Bxf6 gxf6 16. Bb5 Rd8 17. Qb3 {tryany1 resigns} 1-0

[Event "ICS rated bullet match"]
[Site "204.178.125.65"]
[Date "1999.10.23"]
[Round "?"]
[White "Hossa"]
[Black "lhg"]
[Result "1-0"]
[WhiteElo "2467"]
[BlackElo "2247"]
[PlyCount "91"]
[EventDate "1999.??.??"]

1. e4 e6 2. d3 c6 3. Nf3 d5 4. Be2 Nd7 5. Nc3 b6 6. Nd4 Bb7 7. Bh5 g6 8. Bf3
Bg7 9. exd5 exd5 10. Be3 Ne7 11. O-O c5 12. Nb3 O-O 13. d4 c4 14. Nd2 Nf6 15.
Re1 Re8 16. Nxc4 Rc8 17. Ne5 Nf5 18. Bg5 h6 19. Bxf6 Bxf6 20. Bg4 Rc4 21. Nxc4
Rxe1+ 22. Qxe1 dxc4 23. Bxf5 gxf5 24. Rd1 Qd6 25. Qe8+ Kg7 26. Qb5 a6 27. Qxc4
b5 28. Qd3 b4 29. Ne2 Qd5 30. Qg3+ Kf8 31. Qb8+ Kg7 32. Nf4 Qe4 33. c3 Qc2 34.
Re1 Be4 35. Qxb4 Bg5 36. Nh5+ Kg6 37. Ng3 Bd2 38. Ra1 Bd3 39. Qb8 Bf4 40. Qg8+
Kf6 41. Nh5+ Ke7 42. Nxf4 Kd7 43. Qxf7+ Kc6 44. Nxd3 Kb5 45. Qb7+ Ka5 46. Qb4#
{lhg checkmated} 1-0

[Event "ICS rated bullet match"]
[Site "204.178.125.65"]
[Date "1999.10.23"]
[Round "?"]
[White "Hossa"]
[Black "SnowDog"]
[Result "1-0"]
[WhiteElo "2474"]
[BlackElo "1216"]
[PlyCount "33"]
[EventDate "1999.??.??"]

1. e4 e5 2. Nc3 Nc6 3. Bb5 Bd6 4. Nf3 Nge7 5. O-O a6 6. Bc4 h6 7. d4 O-O 8. d5
Nb4 9. a3 b5 10. Bb3 Nbxd5 11. Nxd5 Bb7 12. Be3 c6 13. Nb6 Bc7 14. Nxd7 Qxd7
15. Qxd7 Rad8 16. Qxc7 Rd7 17. Qxd7 {SnowDog resigns} 1-0

[Event "ICS rated blitz match"]
[Site "204.178.125.65"]
[Date "1999.10.23"]
[Round "?"]
[White "Fergie"]
[Black "Hossa"]
[Result "0-1"]
[WhiteElo "2190"]
[BlackElo "2470"]
[PlyCount "54"]
[EventDate "1999.??.??"]

1. e4 e5 2. Nf3 Nf6 3. Nxe5 d6 4. Nf3 Nxe4 5. c4 Be7 6. Nc3 Nxc3 7. bxc3 O-O 8.
d4 Nc6 9. Bd3 Bg4 10. h3 Bh5 11. g4 Bg6 12. h4 Qd7 13. Ng5 Rae8 14. Be3 Bf6 15.
Kf1 h6 16. Bxg6 fxg6 17. Nh3 Bxh4 18. Nf4 g5 19. Ng6 Qf7 20. Nxf8 Rxe3 21. Qd2
Qxc4+ 22. Kg1 Re2 23. Qd1 Bxf2+ 24. Kg2 Bxd4+ 25. Kf3 Rf2+ 26. Kg3 Qxc3+ 27.
Qd3 27... Qxd3# {Fergie checkmated} 0-1

[Event "ICS rated blitz match"]
[Site "204.178.125.65"]
[Date "1999.10.23"]
[Round "?"]
[White "Hossa"]
[Black "Fergie"]
[Result "1-0"]
[WhiteElo "2475"]
[BlackElo "2185"]
[PlyCount "107"]
[EventDate "1999.??.??"]

1. e4 c5 2. Nf3 e6 3. d4 cxd4 4. Nxd4 a6 5. Bd3 Qc7 6. Nf3 Bc5 7. Nc3 Nc6 8.
O-O Nge7 9. Ng5 h6 10. Nxf7 Kxf7 11. Qh5+ g6 12. Qxc5 Qe5 13. Qxe5 Nxe5 14. Be2
g5 15. f4 gxf4 16. Bxf4 N5g6 17. Bxh6+ Ke8 18. Bg5 b5 19. Bf6 Rg8 20. a4 b4 21.
Na2 Bb7 22. Nxb4 Bxe4 23. Bd1 a5 24. Nd3 Bxd3 25. cxd3 Nd5 26. Bg5 Ne5 27. Bh5+
Ng6 28. Rf2 Nde7 29. Raf1 Kd8 30. Rf7 Kc7 31. Bxe7 Nxe7 32. Rxe7 Rab8 33. Rf2
Rb4 34. Bd1 Rg6 35. Ref7 Kb6 36. Rxd7 Rg5 37. Rd6+ Kc5 38. Rxe6 Re5 39. Rxe5+
Kd4 40. Re4+ Kc5 41. Rxb4 Kxb4 42. Rc2 Kxa4 43. Rc5+ Kb4 44. Rd5 a4 45. Rd4+
Kb5 46. Rxa4 Kc5 47. Ra5+ Kd4 48. Kf2 Kxd3 49. Ra4 Kd2 50. Rd4+ Kc1 51. Ke3 Kb1
52. Kd2 Ka2 53. Kc2 Ka1 54. Ra4# {Fergie checkmated} 1-0

[Event "ICS Rated blitz match"]
[Site "204.178.125.65"]
[Date "1999.10.23"]
[Round "?"]
[White "Hossa"]
[Black "lambChop"]
[Result "0-1"]
[WhiteElo "2480"]
[BlackElo "2488"]
[PlyCount "210"]
[EventDate "1999.??.??"]

1. e4 e5 2. Nc3 Nf6 3. Nf3 Bb4 4. Nxe5 O-O 5. a3 Bxc3 6. bxc3 Re8 7. Nd3 Nxe4
8. Be2 Qe7 9. Nf4 Qf6 10. g3 g5 11. Nd3 d5 12. O-O Nc6 13. f3 Nd6 14. Nf2 Qe5
15. Re1 Bf5 16. d4 Qf6 17. f4 Qg6 18. Ra2 h6 19. fxg5 hxg5 20. Rb2 Re7 21. Rf1
b6 22. g4 Be4 23. Qd2 f6 24. Nxe4 Nxe4 25. Qe3 Rd8 26. Bb5 Rd6 27. c4 Qf7 28.
cxd5 Qxd5 29. c3 Qe6 30. Rf5 Qf7 31. Qd3 Qg6 32. Re2 Qe8 33. Qh3 Qf7 34. Qf3
Nxc3 35. Qxc3 Nxd4 36. Rxe7 Qxe7 37. Bc4+ Kg7 38. Rf1 c5 39. Qd3 Qd7 40. Qe4 b5
41. Bd3 Kh8 42. Bb2 Rb6 43. Kh1 a6 44. Qg6 Qe7 45. Rc1 Rd6 46. Bc3 Rd8 47. Ba5
Rc8 48. Bb4 Ne6 49. Qh6+ Kg8 50. Bf5 Nf4 51. Bh7+ Qxh7 52. Qxh7+ Kxh7 53. Rxc5
Rxc5 54. Bxc5 Kg6 55. Bd6 f5 56. gxf5+ Kxf5 57. Bb4 Ke4 58. Kg1 Nd3 59. Bc3 Kf3
60. Bf6 g4 61. Bc3 Nc1 62. Kf1 Nd3 63. Kg1 Nc5 64. Kf1 Ne4 65. Bb4 Ke3 66. Ke1
Kd4 67. Ke2 Nc5 68. Bd2 Nd3 69. Ba5 Ne5 70. Bd8 Kd5 71. Kf2 Nc4 72. Be7 a5 73.
Kg3 Ke6 74. Bf8 Kf5 75. Bc5 Nd2 76. Kg2 Ne4 77. Bb6 b4 78. axb4 axb4 79. h4
gxh3+ 80. Kxh3 b3 81. Bd4 Nf2+ 82. Kg2 Ke4 83. Ba1 Nd1 84. Kg3 Ne3 85. Kf2 Nc2
86. Bb2 Kd3 87. Kf3 Ne3 88. Be5 Nd1 89. Kg3 Nc3 90. Kf2 b2 91. Kg3 Ne2+ 92. Kg4
b1=Q 93. Kf5 Nd4+ 94. Kg6 Kc4+ 95. Kh6 Qb6+ 96. Kg7 Qb7+ 97. Kh8 Qc8+ 98. Kg7
Qd7+ 99. Kh6 Qe6+ 100. Kg5 Qxe5+ 101. Kg4 Qg7+ 102. Kf4 Kc3 103. Ke4 Qf6 104.
Kd5 Qe6+ 105. Kc5 105... Qc6# {Hossa checkmated} 0-1

[Event "ICS rated blitz match"]
[Site "204.178.125.65"]
[Date "1999.10.23"]
[Round "?"]
[White "lambChop"]
[Black "Hossa"]
[Result "0-1"]
[WhiteElo "2538"]
[BlackElo "2464"]
[PlyCount "178"]
[EventDate "1999.??.??"]

1. d4 e6 2. e4 d5 3. Nc3 Nf6 4. Bg5 dxe4 5. Nxe4 Be7 6. Bxf6 gxf6 7. Nf3 O-O 8.
Bc4 Nc6 9. O-O e5 10. dxe5 fxe5 11. Qxd8 Rxd8 12. Rfe1 Bg4 13. Nfg5 Bh5 14. Re3
Rd4 15. Bb5 f5 16. c3 Rdd8 17. Bxc6 bxc6 18. Ne6 fxe4 19. Nxd8 Rxd8 20. Rxe4
Bd6 21. b3 a6 22. Rae1 Bg6 23. Rg4 Kf7 24. Ra4 Bd3 25. c4 Ra8 26. c5 Bxc5 27.
Rxe5 Bd6 28. Rf4+ Kg7 29. Rg4+ Bg6 30. Re1 Rd8 31. Rc4 c5 32. Ra4 Bd3 33. Re3
Bb5 34. Rg4+ Kh8 35. h3 Bf8 36. Kh2 Bd3 37. f3 h6 38. Kg3 Kh7 39. Re1 c6 40.
Kf2 Bd6 41. Ra4 h5 42. Re3 Bf8 43. Re6 Rd4 44. Rxd4 cxd4 45. Rxc6 Bb5 46. Rf6
Bg7 47. Re6 h4 48. f4 Kg8 49. a4 Bd3 50. Rd6 Kf7 51. Rd7+ Kg6 52. Kf3 Bf6 53.
Rc7 Bf5 54. Rc6 a5 55. Rc5 Be6 56. Rb5 Bg8 57. f5+ Kg5 58. Ke4 Bf7 59. Rb7 Bh5
60. Rb8 Kh6 61. Rb5 Bf7 62. Rxa5 Bxb3 63. Ra6 Kg7 64. a5 Bc4 65. Rc6 Bf1 66.
Kf3 Bb5 67. Rd6 Be5 68. Re6 Bg3 69. a6 d3 70. a7 d2 71. Re7+ Kf6 72. Rd7 Bxd7
73. Ke2 Bc6 74. Kxd2 Bf2 75. a8=N Bxa8 76. Ke2 Bxg2 77. Kxf2 Bxh3 78. Kf3 Kxf5
79. Ke3 Bg2 80. Kf2 Bc6 81. Kg1 h3 82. Kh2 Kg4 83. Kg1 Kf3 84. Kf1 h2 85. Ke1
Ke3 86. Kd1 h1=Q+ 87. Kc2 Qa1 88. Kb3 Kd3 89. Kb4 89... Qc3# {
lambChop checkmated} 0-1

[Event "ICS rated blitz match"]
[Site "204.178.125.65"]
[Date "1999.10.23"]
[Round "?"]
[White "Hossa"]
[Black "Colorado"]
[Result "0-1"]
[WhiteElo "2483"]
[BlackElo "2589"]
[PlyCount "110"]
[EventDate "1999.??.??"]

1. e4 d5 2. exd5 Qxd5 3. Nc3 Qd6 4. Nf3 Nf6 5. d4 Bg4 6. Bd3 Nc6 7. Nb5 Qd7 8.
c3 O-O-O 9. h3 Bh5 10. Bf4 Nd5 11. Bd2 e5 12. Qc2 Nde7 13. Nxa7+ Nxa7 14. Nxe5
Qe6 15. O-O f6 16. Bc4 Nd5 17. Bd3 Kb8 18. Bf5 Qe8 19. Ng4 Be7 20. Rfe1 Nc6 21.
Qa4 Bg6 22. Be6 h5 23. Nh2 Rd6 24. Qc4 Nb6 25. Qe2 Bf7 26. Bb3 g5 27. Nf1 Nd5
28. Ng3 Qc8 29. Ne4 Rdd8 30. Ba4 Qd7 31. Bxc6 Qxc6 32. c4 Nf4 33. Bxf4 gxf4 34.
d5 f3 35. Qxf3 Qxc4 36. Nxf6 Bxf6 37. Qxf6 Qxd5 38. Re7 Rhg8 39. g3 Rxg3+ 40.
fxg3 Qc5+ 41. Qf2 Qxe7 42. Re1 Qd7 43. b3 Bd5 44. Kh2 Qg7 45. Re3 Rf8 46. Qe2
Qf7 47. Kg1 Bc6 48. Re5 Qg6 49. Qe1 Qd3 50. Kh2 Qf1 51. Qxf1 Rxf1 52. Re8+ Ka7
53. Re4 Bxe4 54. g4 h4 55. a3 55... Rh1# {Hossa checkmated} 0-1

[Event "ICS rated blitz match"]
[Site "204.178.125.65"]
[Date "1999.10.23"]
[Round "?"]
[White "kom"]
[Black "Hossa"]
[Result "0-1"]
[WhiteElo "2349"]
[BlackElo "2472"]
[PlyCount "38"]
[EventDate "1999.??.??"]

1. e4 e5 2. Nf3 Nf6 3. d4 exd4 4. e5 Ne4 5. Qxd4 d5 6. b4 c5 7. Bb5+ Nc6 8.
Bxc6+ bxc6 9. Qe3 cxb4 10. O-O Ba6 11. Rd1 Bc5 12. Qf4 Nxf2 13. Rd4 Ne4 14. Be3
O-O 15. Rxe4 dxe4 16. Nfd2 Qd5 17. Kf2 f6 18. e6 Qe5 19. Qxe5 19... fxe5+ {
kom resigns} 0-1

[Event "ICS Rated blitz match"]
[Site "204.178.125.65"]
[Date "1999.10.23"]
[Round "?"]
[White "iva"]
[Black "Hossa"]
[Result "0-1"]
[WhiteElo "2411"]
[BlackElo "2483"]
[PlyCount "76"]
[EventDate "1999.??.??"]

1. d4 Nf6 2. Nf3 g6 3. c4 Bg7 4. Nc3 O-O 5. Bf4 d6 6. h3 c5 7. dxc5 dxc5 8.
Qxd8 Rxd8 9. g4 Nc6 10. Bg2 Ne8 11. Rc1 Nd6 12. b3 e5 13. Be3 Nd4 14. Nd5 Rd7
15. Bg5 Ne8 16. Nxd4 cxd4 17. O-O f6 18. Bd2 Nd6 19. f4 Kh8 20. fxe5 fxe5 21.
c5 Nb5 22. a4 Nc7 23. Nf6 Re7 24. Ne4 Nd5 25. Nd6 Be6 26. Bg5 Rc7 27. Bd2 a5
28. Ne4 Bg8 29. Rc2 Ra6 30. h4 Ne7 31. Rb1 Be6 32. h5 Bxg4 33. h6 Bf8 34. Rf1
Nf5 35. Nf6 Rxf6 36. Bxa5 b6 37. cxb6 Rxc2 38. b7 38... Bd6 {iva resigns} 0-1

[Event "ICS rated blitz match"]
[Site "204.178.125.65"]
[Date "1999.10.23"]
[Round "?"]
[White "Hossa"]
[Black "MissSilicon"]
[Result "0-1"]
[WhiteElo "2496"]
[BlackElo "2736"]
[PlyCount "109"]
[EventDate "1999.??.??"]

1. e4 Nf6 2. e5 Nd5 3. d4 d6 4. c4 Nb6 5. f4 dxe5 6. fxe5 Nc6 7. Be3 Bf5 8. Nf3
e6 9. Be2 Be7 10. O-O Nb4 11. Na3 O-O 12. Qd2 Nc6 13. Nb5 Nb4 14. Bg5 Bxg5 15.
Qxg5 Nc2 16. Qxd8 Rfxd8 17. Rac1 a6 18. Nxc7 Rac8 19. c5 Nd7 20. g4 Be4 21.
Nxa6 bxa6 22. Bxa6 Ra8 23. Bb7 Bxb7 24. Rxc2 Nb8 25. Ng5 Rxd4 26. h3 Rd7 27.
Rcf2 h6 28. Nxf7 Ba6 29. Nxh6+ gxh6 30. Rf8+ Kg7 31. R1f2 Bb7 32. R2f6 Rxa2 33.
Rxb8 Rxb2 34. Rxb7 Rdxb7 35. Rxe6 R7b5 36. Re7+ Kf8 37. Ra7 Rxc5 38. Ra8+ Kg7
39. Ra7+ Kg6 40. Ra1 Rxe5 41. h4 Rb4 42. Ra6+ Kg7 43. Ra7+ Kf6 44. Ra6+ Re6 45.
g5+ Kf5 46. Ra5+ Re5 47. Ra2 h5 48. Rf2+ Kg4 49. g6 Kxh4 50. Kh2 Rg4 51. Rf3
Re2+ 52. Kh1 Reg2 53. Rf4 Kg3 54. g7 Kxf4 55. g8=R {Hossa resigns} 0-1

[Event "ICS rated blitz match"]
[Site "204.178.125.65"]
[Date "1999.10.23"]
[Round "?"]
[White "Hossa"]
[Black "Amateur"]
[Result "0-1"]
[WhiteElo "2490"]
[BlackElo "2476"]
[PlyCount "77"]
[EventDate "1999.??.??"]

1. e4 e5 2. Nc3 Nf6 3. g3 d5 4. exd5 Nxd5 5. Bg2 Nxc3 6. bxc3 Bd6 7. Ne2 O-O 8.
O-O Nd7 9. f4 Rb8 10. fxe5 Nxe5 11. Rb1 Be6 12. d4 Nc6 13. Qd3 Bxa2 14. Ra1 Be6
15. Nf4 Bd7 16. Be4 h6 17. Bxc6 Bxc6 18. Rxa7 Bxf4 19. gxf4 Qd5 20. Qg3 Rfe8
21. Kf2 Bb5 22. Re1 Rxe1 23. Kxe1 Re8+ 24. Be3 Qc4 25. Qf3 Qxc3+ 26. Kf2 Qxc2+
27. Ke1 Qxh2 28. Ra3 Qb2 29. Ra7 Qxd4 30. Kf2 Qb2+ 31. Kg1 Bc6 32. Qf2 Qb3 33.
Qd2 Rxe3 34. Ra8+ Kh7 35. Kf2 Rf3+ 36. Ke1 Qb1+ 37. Qd1 Qb4+ 38. Ke2 Qc4+ 39.
Ke1 {Hossa resigns} 0-1

[Event "ICS rated blitz match"]
[Site "204.178.125.65"]
[Date "1999.10.23"]
[Round "?"]
[White "heraclio"]
[Black "Hossa"]
[Result "0-1"]
[WhiteElo "2020"]
[BlackElo "2473"]
[PlyCount "80"]
[EventDate "1999.??.??"]

1. d4 e6 2. c4 Nf6 3. Nc3 d5 4. Nf3 Ne4 5. e3 Bb4 6. Qc2 O-O 7. Nd2 Nf6 8. Bd3
c6 9. O-O Nbd7 10. a3 Ba5 11. b4 Bc7 12. cxd5 exd5 13. Bb2 Re8 14. Nf3 Nb6 15.
Ne2 Bg4 16. a4 Bxf3 17. gxf3 Qd6 18. Ng3 Qxb4 19. a5 Nc4 20. Bc3 Qe7 21. Nf5
Qe6 22. Kh1 Kh8 23. Bxc4 dxc4 24. Rg1 g6 25. Nh6 Qh3 26. f4 Qxh6 27. d5 Bd8 28.
Qb2 cxd5 29. Rad1 Qh5 30. Bxf6+ Kg8 31. Bh8 Qf3+ 32. Rg2 Qxd1+ 33. Rg1 Qf3+ 34.
Rg2 f6 35. Bxf6 Bxf6 36. Qxf6 Qd1+ 37. Rg1 Qh5 38. f5 Qf3+ 39. Rg2 Re4 40. Qd6
40... Qxf5 {heraclio resigns} 0-1

[Event "ICS rated blitz match"]
[Site "204.178.125.65"]
[Date "1999.10.23"]
[Round "?"]
[White "Hossa"]
[Black "blunite"]
[Result "1-0"]
[WhiteElo "2475"]
[BlackElo "2219"]
[PlyCount "55"]
[EventDate "1999.??.??"]

1. e4 e6 2. d3 d5 3. Nd2 Nf6 4. Ngf3 a5 5. Be2 dxe4 6. Nxe4 Nc6 7. Nxf6+ Qxf6
8. d4 Bd6 9. Bg5 Qg6 10. O-O h6 11. Be3 O-O 12. Bb5 Ne7 13. c4 c6 14. Ba4 Nf5
15. Qd2 b5 16. cxb5 cxb5 17. Bxb5 Bb7 18. Be2 Bb4 19. Qd1 Rad8 20. Bd3 Qh5 21.
Ne5 Qh4 22. Bxf5 exf5 23. Qb3 Bd5 24. Qd3 f6 25. Ng6 Qg4 26. Nf4 Be4 27. Qb3+
Kh7 28. f3 {blunite resigns} 1-0

[Event "ICS rated bullet match"]
[Site "204.178.125.65"]
[Date "1999.10.23"]
[Round "?"]
[White "itumaster"]
[Black "Hossa"]
[Result "0-1"]
[WhiteElo "1902"]
[BlackElo "2475"]
[PlyCount "56"]
[EventDate "1999.??.??"]

1. e4 e5 2. Nf3 Nf6 3. Nxe5 d6 4. Nf3 Nxe4 5. d4 d5 6. Bd3 Be7 7. c4 Bb4+ 8.
Nbd2 Bg4 9. a3 Bxd2+ 10. Bxd2 Nxd2 11. Qxd2 Bxf3 12. gxf3 O-O 13. O-O-O dxc4
14. Bxc4 Nc6 15. Rhg1 Kh8 16. Qf4 Qd7 17. Rg4 f5 18. Rh4 Rf6 19. Rg1 Rd8 20.
Rg3 Qxd4 21. Qxd4 Nxd4 22. Rgh3 h6 23. b3 b5 24. Be2 Nxe2+ 25. Kb2 Rd2+ 26. Kb1
Rc6 27. Rc4 bxc4 28. bxc4 28... Rb6+ {itumaster resigns} 0-1

[Event "ICS rated blitz match"]
[Site "204.178.125.65"]
[Date "1999.10.23"]
[Round "?"]
[White "LicenceToKill"]
[Black "Hossa"]
[Result "0-1"]
[WhiteElo "2082"]
[BlackElo "2487"]
[PlyCount "64"]
[EventDate "1999.??.??"]

1. d4 e6 2. Nf3 Nf6 3. e3 b6 4. Bd3 Bb7 5. Nbd2 c5 6. O-O Nc6 7. c3 d5 8. Qe2
Bd6 9. Rd1 O-O 10. e4 Bc7 11. e5 Nd7 12. Nf1 cxd4 13. cxd4 h6 14. a3 f6 15.
exf6 Qxf6 16. Ng3 e5 17. Nxe5 Nxd4 18. Qe1 Nxe5 19. Be3 Nef3+ 20. gxf3 Nxf3+
21. Kf1 Nxe1 22. Rxe1 Qxb2 23. Rad1 Qxa3 24. Bd4 a6 25. Nf5 Rf7 26. Re3 Qf8 27.
Rg3 Bxg3 28. Nxg3 Qd6 29. Kg2 g5 30. Re1 Qf4 31. Rd1 Qf3+ 32. Kg1 32... Qxd1+ {
LicenceToKill resigns} 0-1

[Event "ICS rated bullet match"]
[Site "204.178.125.65"]
[Date "1999.10.23"]
[Round "?"]
[White "kingjamie"]
[Black "Hossa"]
[Result "0-1"]
[WhiteElo "1757"]
[BlackElo "2479"]
[PlyCount "54"]
[EventDate "1999.??.??"]

1. d4 e6 2. e4 d5 3. Be3 dxe4 4. Nd2 Nf6 5. f3 Nd5 6. Qe2 Nc6 7. c3 Nxe3 8.
Qxe3 exf3 9. Ngxf3 Ne7 10. Bd3 Nd5 11. Qf2 Be7 12. O-O-O O-O 13. Kb1 c5 14. Ne4
cxd4 15. cxd4 b6 16. h4 Bb7 17. Neg5 h6 18. Ne4 Nb4 19. Be2 Bxe4+ 20. Ka1 Qd5
21. b3 Nc2+ 22. Kb2 Ba3+ 23. Kb1 Nxd4+ 24. Ka1 Nc2+ 25. Kb1 Ne3+ 26. Ka1 Qc5
27. Nd2 27... Qc3# {kingjamie checkmated} 0-1

[Event "ICS rated bullet match"]
[Site "204.178.125.65"]
[Date "1999.10.23"]
[Round "?"]
[White "Hossa"]
[Black "kingjamie"]
[Result "1-0"]
[WhiteElo "2479"]
[BlackElo "1757"]
[PlyCount "97"]
[EventDate "1999.??.??"]

1. e4 d5 2. e5 c5 3. c3 Bf5 4. d4 e6 5. Bb5+ Nd7 6. Nf3 a6 7. Bg5 Ne7 8. Bxd7+
Qxd7 9. dxc5 h6 10. Be3 Nc6 11. O-O Be7 12. Nbd2 O-O 13. Nc4 Bd8 14. Bf4 Qc7
15. Nd6 Bg6 16. Qe2 b6 17. cxb6 Qxb6 18. Rfd1 Bc7 19. Rd2 Ne7 20. Qe3 Nf5 21.
Qxb6 Bxb6 22. Rc1 Nxd6 23. exd6 Rfd8 24. Ne5 Bc5 25. d7 f6 26. Nxg6 Kf7 27. Nh4
g5 28. c4 gxf4 29. cxd5 exd5 30. Rxc5 Rxd7 31. Rcxd5 Rxd5 32. Rxd5 Rc8 33. h3
Rc2 34. Rd7+ Ke8 35. Rb7 Rxb2 36. Rxb2 Kd7 37. Rb6 Kc7 38. Rxa6 Kb7 39. Rxf6
Kc7 40. g4 Kd7 41. Kh2 Ke7 42. Rxh6 Kf7 43. Kg2 Kg7 44. Kf3 Kf7 45. Kxf4 Ke7
46. Kf5 Kd7 47. Ke5 Kc7 48. Kd5 Kb7 49. Rc6 {kingjamie resigns} 1-0

[Event "ICS rated bullet match"]
[Site "204.178.125.65"]
[Date "1999.10.23"]
[Round "?"]
[White "kingjamie"]
[Black "Hossa"]
[Result "0-1"]
[WhiteElo "1757"]
[BlackElo "2479"]
[PlyCount "46"]
[EventDate "1999.??.??"]

1. e4 e5 2. Nf3 Nf6 3. Nxe5 d6 4. Nf3 Nxe4 5. d4 d5 6. Bd3 Be7 7. O-O Nc6 8.
Nbd2 Bf5 9. Re1 Nxd2 10. Qxd2 Bxd3 11. Qxd3 O-O 12. Ne5 Nxe5 13. dxe5 Re8 14.
Qg3 c5 15. Bh6 Bf8 16. Bg5 Qd7 17. Rad1 d4 18. c3 Qa4 19. cxd4 cxd4 20. Rxd4
Qxd4 21. h3 Qxb2 22. Re4 Qb1+ 23. Kh2 23... Qxe4 {kingjamie resigns} 0-1

[Event "ICS rated bullet match"]
[Site "204.178.125.65"]
[Date "1999.10.23"]
[Round "?"]
[White "quidnunc"]
[Black "Hossa"]
[Result "0-1"]
[WhiteElo "1225"]
[BlackElo "2479"]
[PlyCount "60"]
[EventDate "1999.??.??"]

1. e4 e5 2. Nf3 Nf6 3. Nc3 Nc6 4. Bc4 Bc5 5. d3 O-O 6. h3 d6 7. O-O Na5 8. Bb3
Nxb3 9. axb3 Bd7 10. Be3 Bb6 11. Qd2 c5 12. Nd5 Nxd5 13. exd5 Rc8 14. c4 Bf5
15. g4 Bd7 16. Ne1 f5 17. f4 exf4 18. Bxf4 fxg4 19. Bxd6 Rxf1+ 20. Kxf1 Qf6+
21. Qf2 Qxd6 22. hxg4 Rf8 23. Nf3 Bxg4 24. Re1 Rxf3 25. Qxf3 Bxf3 26. Re8+ Kf7
27. Rf8+ Kxf8 28. Kf2 Qf4 29. b4 cxb4+ 30. Ke1 30... Qc1# {quidnunc checkmated}
0-1

[Event "ICS rated blitz match"]
[Site "204.178.125.65"]
[Date "1999.10.23"]
[Round "?"]
[White "Hossa"]
[Black "MASmumien"]
[Result "1-0"]
[WhiteElo "2490"]
[BlackElo "1816"]
[PlyCount "63"]
[EventDate "1999.??.??"]

1. e4 e6 2. d3 c5 3. Nf3 Nc6 4. c4 Be7 5. Be2 Qc7 6. Nc3 Nf6 7. Nb5 Qb8 8. Bg5
a6 9. Nc3 h6 10. Bh4 d6 11. O-O Bd7 12. Na4 Qc7 13. Qb3 O-O 14. Nb6 Rab8 15.
Nxd7 Qxd7 16. Rae1 b5 17. Rb1 Ne5 18. Qa3 b4 19. Qa5 Bd8 20. Qxa6 Nxf3+ 21.
Bxf3 Be7 22. Ra1 Ra8 23. Qb5 Qc7 24. e5 Rfb8 25. Qc6 Qxc6 26. Bxc6 dxe5 27.
Bxa8 Rxa8 28. a3 g5 29. Bg3 Nd7 30. axb4 Rxa1 31. Rxa1 cxb4 32. Ra7 {
MASmumien resigns} 1-0